[Event "Liga Madrid 2009-2010 Division de Honor"]
[Site "Madrid ESP"]
[Date "2010.03.07"]
[Round "13.15"]
[White "Fernandez Garcia, Miguel Angel"]
[Black "Perez De Aranda Alonso, Leonardo"]
[Result "1/2-1/2"]
[WhiteElo "2254"]
[BlackElo "2216"]
[PlyCount "121"]
[EventDate "2009.11.22"]
[EventType "team"]
[EventRounds "14"]
[EventCountry "ESP"]
[Source "lmi"]
[SourceDate "2009.11.22"]

1. d4 f5 2. Nf3 Nf6 3. Bg5 c6 4. Bxf6 exf6 5. e3 d5 6. c4 Bb4+ 7. Nc3 O-O 8. g3
Kh8 9. Qb3 Bxc3+ 10. bxc3 dxc4 11. Bxc4 Nd7 12. O-O Qe8 13. Bd3 Qh5 14. Nh4 Nb6
15. c4 f4 16. exf4 Bh3 17. Rfe1 g5 18. Be2 Qf7 19. Ng2 Rae8 20. Bf1 Bxg2 21.
Bxg2 Qxc4 22. Qxc4 Nxc4 23. fxg5 fxg5 24. d5 cxd5 25. Bxd5 Nd6 26. Rxe8 Rxe8
27. Rd1 Re7 28. Bf3 Nf7 29. Kf1 Kg7 30. Rd5 b6 31. a4 Kf6 32. Bh5 Ne5 33. Be2
Rc7 34. Rd6+ Kf5 35. f3 Nf7 36. Rd4 Ke5 37. Re4+ Kf6 38. h4 h6 39. Kf2 Nd6 40.
hxg5+ hxg5 41. Rd4 Nf5 42. Rd8 Rc2 43. g4 Ng7 44. Ke3 Ne6 45. Rd7 Nf4 46. Bd1
Rc1 47. Kd2 Rc6 48. Bc2 a5 49. Be4 Rc4 50. Rd6+ Ke5 51. Rxb6 Rxa4 52. Kc3 Ne2+
53. Kb3 Rb4+ 54. Rxb4 axb4 55. Kxb4 Kf4 56. Kc4 Ng1 57. Kd3 Nxf3 58. Bf5 Ne5+
59. Ke2 Nxg4 60. Bc8 Ne3 61. Bd7 1/2-1/2

[Event "Liga Madrid 2009-2010 Division de Honor"]
[Site "Madrid ESP"]
[Date "2010.03.07"]
[Round "13.16"]
[White "Vazquez Torres, Adrian"]
[Black "Paredes Sanchez, Juan"]
[Result "0-1"]
[WhiteElo "2144"]
[BlackElo "2200"]
[PlyCount "94"]
[EventDate "2009.11.22"]
[EventType "team"]
[EventRounds "14"]
[EventCountry "ESP"]
[Source "lmi"]
[SourceDate "2009.11.22"]

1. e4 c5 2. Nf3 d6 3. d4 cxd4 4. Nxd4 Nf6 5. Nc3 a6 6. Be3 Ng4 7. Bg5 h6 8. Bh4
g5 9. Be2 gxh4 10. Bxg4 e6 11. Bh5 Bg7 12. Qf3 Qf6 13. O-O-O Qxf3 14. Nxf3 Bxc3
15. bxc3 Ke7 16. Nxh4 Nd7 17. f4 b5 18. f5 e5 19. Rd3 Nf6 20. Bf3 Bb7 21. Re1
Rac8 22. g3 Rc4 23. Ng2 Rhc8 24. Ne3 Rxc3 25. Red1 Rxd3 26. Rxd3 Bxe4 27. Bxe4
Nxe4 28. Nd5+ Kd8 29. Ne3 h5 30. f6 Rc3 31. Rxc3 Nxc3 32. Kb2 Ne4 33. Nd5 Kd7
34. Kb3 Kc6 35. Nb4+ Kb7 36. Nd5 a5 37. a4 Nc5+ 38. Ka3 b4+ 39. Kb2 Nxa4+ 40.
Kb3 Nc5+ 41. Kc4 Kc6 42. h3 Ne4 43. Ne7+ Kd7 44. Nf5 Ke6 45. Ng7+ Kxf6 46.
Nxh5+ Kg6 47. g4 f5 0-1

[Event "Liga Madrid 2009-2010 Division de Honor"]
[Site "Madrid ESP"]
[Date "2010.03.07"]
[Round "13.21"]
[White "Moreno Ruiz, Javier"]
[Black "Roa Alonso, Santiago"]
[Result "1/2-1/2"]
[WhiteElo "2459"]
[BlackElo "2412"]
[PlyCount "109"]
[EventDate "2009.11.22"]
[EventType "team"]
[EventRounds "14"]
[EventCountry "ESP"]
[Source "lmi"]
[SourceDate "2009.11.22"]

1. c4 Nf6 2. g3 e6 3. Bg2 d5 4. Nf3 Be7 5. O-O O-O 6. b3 b6 7. Bb2 Bb7 8. e3 c5
9. Nc3 dxc4 10. bxc4 Nc6 11. Qe2 a6 12. Rfd1 Qc7 13. Rab1 Rab8 14. d3 Na7 15.
a4 Nc6 16. Ne1 Ne8 17. f4 Nd6 18. Nf3 Rfe8 19. g4 Bf8 20. g5 Ne7 21. Ba1 Ng6
22. Qf2 Nf5 23. Ne4 Bc6 24. h4 Bxa4 25. Re1 Rbd8 26. h5 Nh8 27. Ne5 Be7 28. h6
Ng6 29. Ng4 Nxh6 30. gxh6 f5 31. Qb2 Bh4 32. Qxg7+ Qxg7 33. hxg7 fxg4 34. Nf6+
Bxf6 35. Bxf6 Rd6 36. Be4 e5 37. Bd5+ Rxd5 38. cxd5 Kf7 39. Rxb6 exf4 40. e4
Bb5 41. e5 f3 42. Rb7+ Kg8 43. Kh2 Nf4 44. d6 Ne2 45. d7 Bxd7 46. Rxd7 g3+ 47.
Kh3 g2 48. Bh4 g1=Q 49. Rxg1 Nxg1+ 50. Kh2 Ne2 51. Bf6 Nd4 52. Rc7 Ne6 53. Ra7
Nf4 54. Kg3 Nxd3 55. Rxa6 1/2-1/2

[Event "Liga Madrid 2009-2010 Division de Honor"]
[Site "Madrid ESP"]
[Date "2010.03.07"]
[Round "13.22"]
[White "Cao Armillas, Jesus"]
[Black "De La Fuente Gonzalez, Francisco"]
[Result "1/2-1/2"]
[WhiteElo "2205"]
[BlackElo "2237"]
[PlyCount "149"]
[EventDate "2009.11.22"]
[EventType "team"]
[EventRounds "14"]
[EventCountry "ESP"]
[Source "lmi"]
[SourceDate "2009.11.22"]

1. c4 c5 2. Nf3 Nc6 3. Nc3 e5 4. e3 d6 5. d4 Bg4 6. dxc5 dxc5 7. Qxd8+ Rxd8 8.
Be2 Nf6 9. h3 Bf5 10. a3 Be7 11. Nd2 O-O 12. g4 Be6 13. b3 h6 14. Bb2 Rd7 15.
Rd1 Rfd8 16. Nde4 Rxd1+ 17. Bxd1 a6 18. Nxf6+ Bxf6 19. Ne4 Be7 20. Bc2 b5 21.
cxb5 axb5 22. Ke2 f6 23. Rb1 Na5 24. Bc3 b4 25. Be1 Nc6 26. axb4 Nxb4 27. Bxb4
cxb4 28. Ra1 Rc8 29. Kd1 Bd5 30. Nd2 Kf7 31. Ra5 Be6 32. Ra7 Rd8 33. Kc1 Rd7
34. Ra6 Rc7 35. Kb2 Bc8 36. Ra5 g6 37. Bd3 Be6 38. Nc4 Rc5 39. Ra6 f5 40. gxf5
gxf5 41. Nd6+ Bxd6 42. Rxd6 e4 43. Bc4 Bxc4 44. bxc4 Rxc4 45. Rxh6 Rc8 46. Rb6
Rh8 47. Rxb4 Rxh3 48. Kc3 Rf3 49. Rb2 Kf6 50. Re2 Kg5 51. Kd2 Kg4 52. Ke1 Rh3
53. Ra2 Kf3 54. Ra5 Rh1+ 55. Kd2 Rh5 56. Ke1 Rg5 57. Rb5 Rg1+ 58. Kd2 Rg5 59.
Ke1 Rh5 60. Ra5 Rh1+ 61. Kd2 Kg4 62. Ke2 Rb1 63. Ra2 Rb5 64. Rc2 f4 65. exf4
Kxf4 66. Ra2 Rb3 67. Rc2 Ra3 68. Rb2 Rh3 69. Rb8 Ra3 70. Rf8+ Ke5 71. Re8+ Kf4
72. Rf8+ Ke5 73. Re8+ Kd4 74. Rd8+ Ke5 75. Re8+ 1/2-1/2

[Event "Liga Madrid 2009-2010 Division de Honor"]
[Site "Madrid ESP"]
[Date "2010.03.07"]
[Round "13.23"]
[White "Sanchez-Alarcos Galian, Victor"]
[Black "Cepeda Delgado, Camilo Jose"]
[Result "0-1"]
[WhiteElo "2149"]
[BlackElo "2141"]
[PlyCount "156"]
[EventDate "2009.11.22"]
[EventType "team"]
[EventRounds "14"]
[EventCountry "ESP"]
[Source "lmi"]
[SourceDate "2009.11.22"]

1. d4 e6 2. c4 b6 3. a3 Bb7 4. Nc3 f5 5. d5 Nf6 6. g3 d6 7. Bg2 e5 8. Nf3 Be7
9. e4 Nxe4 10. Nxe4 fxe4 11. Ng5 Bxg5 12. Qh5+ g6 13. Qxg5 Qxg5 14. Bxg5 Nd7
15. Bxe4 Nc5 16. Bc2 a5 17. b3 O-O 18. Be3 Bc8 19. Kd2 Bf5 20. Bxf5 Rxf5 21.
Kc2 a4 22. b4 Nb3 23. Rae1 Rf3 24. h4 Raf8 25. h5 g5 26. h6 R8f6 27. Rh5 Rg6
28. g4 Kf7 29. Kd3 Rff6 30. Reh1 Rf3 31. R1h2 Nd4 32. Ke4 Ke8 33. R2h3 Rxh3 34.
Rxh3 Nc2 35. Bc1 Kf7 36. c5 Nd4 37. cxb6 cxb6 38. Be3 Rf6 39. Rh5 Nc2 40. Rxg5
Rxh6 41. Rf5+ Rf6 42. Rxf6+ Kxf6 43. Bxb6 Nxa3 44. Bd8+ Kf7 45. Kd3 Nb5 46. Bg5
Ke8 47. Bc1 Kd7 48. Kc4 Nd4 49. Bb2 Nc2 50. Kc3 Nd4 51. Kd3 Nb5 52. Kc4 a3 53.
Bc1 a2 54. Bb2 Nd4 55. Kc3 Kc7 56. Ba1 Kb6 57. Kb2 Kb5 58. Kxa2 Nc2 59. Bb2
Nxb4+ 60. Kb3 Nxd5 61. Ba3 Kc6 62. Kc4 Nf4 63. Bb4 d5+ 64. Kc3 Nh3 65. f3 Ng5
66. f4 exf4 67. Kd4 Ne4 68. Be7 f3 69. Ke3 f2 70. Ke2 Kd7 71. Bh4 Ke6 72. Bd8
Ke5 73. Bc7+ Kd4 74. Ba5 Kc4 75. g5 d4 76. Kf1 d3 77. Kg2 Nc3 78. Kxf2 d2 0-1

[Event "Liga Madrid 2009-2010 Division de Honor"]
[Site "Madrid ESP"]
[Date "2010.03.07"]
[Round "13.24"]
[White "Lorite Cruz, Francisco"]
[Black "Alcaraz Amoros, Antonio"]
[Result "0-1"]
[WhiteElo "2073"]
[BlackElo "2010"]
[PlyCount "112"]
[EventDate "2009.11.22"]
[EventType "team"]
[EventRounds "14"]
[EventCountry "ESP"]
[Source "lmi"]
[SourceDate "2009.11.22"]

1. e4 c6 2. d4 d5 3. e5 Bf5 4. Nf3 e6 5. Be2 c5 6. O-O Nc6 7. c3 Qb6 8. dxc5
Bxc5 9. Nbd2 Bg4 10. Qa4 Bh5 11. Nb3 Bf8 12. Nbd4 Bxf3 13. Nxf3 Nge7 14. Nd4 a6
15. Be3 Qd8 16. Nxc6 Nxc6 17. f4 Qd7 18. Qb3 h5 19. Rad1 g6 20. Rd2 b5 21. Qd1
Qc7 22. a4 b4 23. cxb4 Bxb4 24. Rc2 Qb7 25. Qd3 Ba5 26. Qa3 Bb4 27. Qa1 Rc8 28.
Rfc1 O-O 29. a5 Ne7 30. Qa4 Nf5 31. Bb6 Bd2 32. Rxc8 Rxc8 33. Rxc8+ Qxc8 34. g3
Kg7 35. Qd1 Bxa5 36. Bf2 Bb4 37. h3 Bc5 38. Qe1 Nxg3 39. Bxa6 Bxf2+ 40. Qxf2
Qxa6 41. Qxg3 Qa1+ 42. Kf2 Qxb2+ 43. Ke1 Qc1+ 44. Ke2 Qc2+ 45. Ke1 Qf5 46. Kd2
f6 47. exf6+ Qxf6 48. Kd3 Kh6 49. h4 Qf5+ 50. Kd4 Qg4 51. Qf2 Qf5 52. Qg3 Qf6+
53. Kc5 Qe7+ 54. Kd4 Kg7 55. Ke5 Kf7 56. Qf2 Qc7+ 0-1

[Event "Liga Madrid 2009-2010 Division de Honor"]
[Site "Madrid ESP"]
[Date "2010.03.07"]
[Round "13.25"]
[White "Arauz Alonso, Fernando"]
[Black "San Juan Rodriguez, Miguel"]
[Result "0-1"]
[WhiteElo "2140"]
[BlackElo "2073"]
[PlyCount "94"]
[EventDate "2009.11.22"]
[EventType "team"]
[EventRounds "14"]
[EventCountry "ESP"]
[Source "lmi"]
[SourceDate "2009.11.22"]

1. d4 d5 2. c4 Nc6 3. Nc3 dxc4 4. Nf3 Nf6 5. d5 Na5 6. Qa4+ c6 7. b4 b5 8. Qxa5
Qxa5 9. bxa5 b4 10. dxc6 bxc3 11. e3 Ba6 12. Ne5 Nd5 13. Bxc4 Bxc4 14. Nxc4 Nb4
15. Ke2 Nxc6 16. Ba3 g6 17. Rab1 Bg7 18. Rb7 O-O 19. Bxe7 Nxe7 20. Rxe7 Rac8
21. Na3 Rfd8 22. Rxa7 Rd2+ 23. Kf3 Rxa2 24. Nb5 c2 25. Nc7 Bb2 26. Nd5 c1=Q 27.
Rxc1 Rxc1 28. Nb4 Ra4 29. Nd3 Rc2 30. h4 Bf6 31. h5 gxh5 32. Nf4 Rc5 33. Ra6
Bg7 34. Ra8+ Bf8 35. a6 Rca5 36. Rc8 Rxa6 37. Nxh5 R4a5 38. Nf4 Ra8 39. Rc4 Bd6
40. Nd3 Rd5 41. Rg4+ Kf8 42. Ke4 Rh5 43. Kf3 Ra3 44. Ne1 Rf5+ 45. Ke4 Rxf2 46.
Nf3 Ra4+ 47. Nd4 f5+ 0-1

[Event "Liga Madrid 2009-2010 Division de Honor"]
[Site "Madrid ESP"]
[Date "2010.03.07"]
[Round "13.26"]
[White "Tipter, Napoleon"]
[Black "Sanchez Naranjo, Jose Manuel"]
[Result "1/2-1/2"]
[WhiteElo "2048"]
[BlackElo "2090"]
[PlyCount "60"]
[EventDate "2009.11.22"]
[EventType "team"]
[EventRounds "14"]
[EventCountry "ESP"]
[Source "lmi"]
[SourceDate "2009.11.22"]

1. e4 c5 2. Nf3 Nc6 3. d4 cxd4 4. Nxd4 Nf6 5. Nc3 e5 6. Ndb5 d6 7. Bg5 a6 8.
Na3 b5 9. Nd5 Be7 10. Bxf6 Bxf6 11. c3 Bg5 12. Nc2 O-O 13. Bd3 Ne7 14. Nce3 Be6
15. Bc2 Bxe3 16. Nxe3 d5 17. exd5 Nxd5 18. Nxd5 Qxd5 19. Qxd5 Bxd5 20. f3 Rfd8
21. O-O-O Bb7 22. a4 Kf8 23. axb5 axb5 24. Rxd8+ Rxd8 25. Re1 Re8 26. Kd2 g6
27. Be4 Rd8+ 28. Kc2 Bxe4+ 29. Rxe4 Rd5 30. c4 bxc4 1/2-1/2

[Event "Liga Madrid 2009-2010 Division de Honor"]
[Site "Madrid ESP"]
[Date "2010.03.07"]
[Round "13.41"]
[White "Gallego Jimenez, Victoriano"]
[Black "Gallardo Garcia, Andres"]
[Result "0-1"]
[WhiteElo "2421"]
[BlackElo "2418"]
[PlyCount "70"]
[EventDate "2009.11.22"]
[EventType "team"]
[EventRounds "14"]
[EventCountry "ESP"]
[Source "lmi"]
[SourceDate "2009.11.22"]

1. d4 Nf6 2. c4 g6 3. Nc3 Bg7 4. e4 d6 5. f3 O-O 6. Bg5 a6 7. Qd2 Nbd7 8. Nh3
c5 9. d5 b5 10. cxb5 Qa5 11. Nf2 Nb6 12. Be2 axb5 13. Nxb5 Bd7 14. Qxa5 Rxa5
15. Nc3 Rb8 16. Bd2 Ne8 17. Nfd1 Na4 18. Nxa4 Rxa4 19. Bc3 f5 20. Bxg7 Kxg7 21.
Nc3 Rab4 22. b3 fxe4 23. fxe4 Nf6 24. Bf3 g5 25. h3 h5 26. Kd2 c4 27. bxc4 Rxc4
28. Kd3 Rbc8 29. Rhc1 g4 30. hxg4 hxg4 31. Bd1 Nxe4 32. Ne2 Bb5 33. Rxc4 Rxc4
34. Ke3 Nf6 35. Bb3 Re4+ 0-1

[Event "Liga Madrid 2009-2010 Division de Honor"]
[Site "Madrid ESP"]
[Date "2010.03.07"]
[Round "13.42"]
[White "Candela Perez, Jose"]
[Black "Elguezabal Varela, Daniel"]
[Result "1/2-1/2"]
[WhiteElo "2416"]
[BlackElo "2377"]
[PlyCount "75"]
[EventDate "2009.11.22"]
[EventType "team"]
[EventRounds "14"]
[EventCountry "ESP"]
[Source "lmi"]
[SourceDate "2009.11.22"]

1. e4 c5 2. Nf3 Nc6 3. d4 cxd4 4. Nxd4 e5 5. Nb5 a6 6. Nd6+ Bxd6 7. Qxd6 Qf6 8.
Qd1 Qg6 9. Nc3 d5 10. Nxd5 Qxe4+ 11. Ne3 Nf6 12. Bd3 Qb4+ 13. c3 Qe7 14. Nf5
Bxf5 15. Bxf5 O-O 16. O-O e4 17. Bf4 Rad8 18. Qe2 Rd5 19. Bh3 Ne5 20. Rad1 Rfd8
21. Be3 Rd3 22. Bd4 Rxh3 23. Bxe5 Rhd3 24. Bxf6 Qxf6 25. Rde1 e3 26. fxe3 Qe6
27. Qf3 b5 28. a3 Re8 29. Rf2 Rd5 30. h3 Re5 31. Rd2 h6 32. Rd3 Re4 33. Kf2 Re5
34. Rd4 Rf5 35. Rf4 Rd5 36. Rd4 Rf5 37. Rf4 Rd5 38. Rd4 1/2-1/2

[Event "Liga Madrid 2009-2010 Division de Honor"]
[Site "Madrid ESP"]
[Date "2010.03.07"]
[Round "13.43"]
[White "Rojo Huerta, Gabriel"]
[Black "Taboas Rodriguez, Daniel"]
[Result "1/2-1/2"]
[WhiteElo "2374"]
[BlackElo "2359"]
[PlyCount "94"]
[EventDate "2009.11.22"]
[EventType "team"]
[EventRounds "14"]
[EventCountry "ESP"]
[Source "lmi"]
[SourceDate "2009.11.22"]

1. d4 Nf6 2. c4 g6 3. Nc3 Bg7 4. e4 d6 5. Nf3 O-O 6. Be2 e5 7. O-O Nbd7 8. Be3
Ng4 9. Bg5 f6 10. Bh4 Nh6 11. dxe5 dxe5 12. b4 c6 13. c5 Nf7 14. Qb3 b6 15.
cxb6 axb6 16. Rfd1 Qe7 17. a4 Kh8 18. Bc4 Nd6 19. Be2 g5 20. Bg3 f5 21. exf5
Nxf5 22. Bd3 Nd4 23. Nxd4 exd4 24. Re1 Ne5 25. Ne4 Be6 26. Qd1 Nxd3 27. Qxd3
Bf5 28. Qd2 Bxe4 29. f3 d3 30. Rad1 Bd4+ 31. Bf2 Bxf2+ 32. Qxf2 Rae8 33. Qd4+
Qg7 34. Rxe4 Rd8 35. Qxb6 Qc3 36. Qe3 Qc2 37. Qd2 Qxa4 38. Qc3+ Kg8 39. Rxd3
Qa7+ 40. Kf1 Qa6 41. Ke2 Rfe8 42. Rxe8+ Rxe8+ 43. Kf2 Qa2+ 44. Rd2 Qe6 45. Rc2
h6 46. Qc4 Kg7 47. Qxe6 Rxe6 1/2-1/2

[Event "Liga Madrid 2009-2010 Division de Honor"]
[Site "Madrid ESP"]
[Date "2010.03.07"]
[Round "13.44"]
[White "Nunez Gutierrez, Juan Carlos"]
[Black "Navarro Nicolas, Victor Manuel"]
[Result "1-0"]
[WhiteElo "2101"]
[BlackElo "2228"]
[PlyCount "29"]
[EventDate "2009.11.22"]
[EventType "team"]
[EventRounds "14"]
[EventCountry "ESP"]
[Source "lmi"]
[SourceDate "2009.11.22"]

1. e4 e6 2. d3 d5 3. Nd2 Nf6 4. Ngf3 Bc5 5. c3 O-O 6. e5 Nfd7 7. d4 Be7 8. Bd3
c5 9. O-O Nc6 10. Re1 b6 11. Nf1 cxd4 12. cxd4 Nb4 13. Bb1 Ba6 14. a3 Bxf1 15.
Rxf1 1-0

[Event "Liga Madrid 2009-2010 Division de Honor"]
[Site "Madrid ESP"]
[Date "2010.03.07"]
[Round "13.45"]
[White "Barez Menendez, Hector"]
[Black "Davicce Canada, Juan Antonio"]
[Result "1-0"]
[WhiteElo "2144"]
[BlackElo "2079"]
[PlyCount "75"]
[EventDate "2009.11.22"]
[EventType "team"]
[EventRounds "14"]
[EventCountry "ESP"]
[Source "lmi"]
[SourceDate "2009.11.22"]

1. Nf3 d5 2. d4 Nf6 3. c4 e6 4. Nc3 Bb4 5. Qa4+ Nc6 6. Ne5 Bd7 7. Nxd7 Qxd7 8.
a3 Bxc3+ 9. bxc3 O-O 10. e3 a6 11. cxd5 exd5 12. Bd3 Rfe8 13. Qc2 Na5 14. O-O
c5 15. dxc5 Qc7 16. c4 dxc4 17. Bxc4 Nxc4 18. Qxc4 b5 19. Qf4 Qxf4 20. exf4
Rac8 21. Be3 Nd5 22. Rfc1 Nxe3 23. fxe3 Rxe3 24. Kf2 Re6 25. Rc2 Kf8 26. Rd1
Ke7 27. Rd5 f6 28. f5 Rec6 29. Ke3 R8c7 30. Kd4 Rc8 31. Re2+ Kf7 32. Rd7+ Kf8
33. Rc2 Re8 34. Kd5 Rcc8 35. c6 Re5+ 36. Kd6 Re3 37. c7 Ree8 38. Kc6 1-0

[Event "Liga Madrid 2009-2010 Division de Honor"]
[Site "Madrid ESP"]
[Date "2010.03.14"]
[Round "14.11"]
[White "Almagro Llamas, Pablo"]
[Black "Moreno Carnero, Javier"]
[Result "1/2-1/2"]
[PlyCount "70"]
[EventDate "2009.11.22"]
[EventType "team"]
[EventRounds "14"]
[EventCountry "ESP"]
[Source "lmi"]
[SourceDate "2009.11.22"]
[WhiteElo "2453"]
[BlackElo "2518"]

1. e4 e5 2. Nf3 Nc6 3. Bb5 a6 4. Ba4 Nf6 5. O-O Be7 6. Bxc6 dxc6 7. Qe1 Nd7 8.
b3 O-O 9. d3 Re8 10. Bb2 Bf6 11. Nbd2 Nf8 12. Nc4 Ng6 13. a4 b5 14. Ncd2 Qd7
15. Qe3 Qg4 16. Kh1 Bd7 17. Rg1 Qe6 18. d4 exd4 19. Bxd4 Be7 20. Qc3 f6 21. Bc5
Bd6 22. b4 Kh8 23. a5 Rad8 24. Rae1 Qg4 25. Bxd6 cxd6 26. Qd4 Bc8 27. c4 h6 28.
Qb6 Qd7 29. cxb5 cxb5 30. Rc1 Nf4 31. Qe3 Nd5 32. Qd4 Nf4 33. Qe3 Nd5 34. Qd4
Nf4 35. Qe3 Nd5 1/2-1/2

[Event "Liga Madrid 2009-2010 Division de Honor"]
[Site "Madrid ESP"]
[Date "2010.03.14"]
[Round "14.12"]
[White "Gallego Jimenez, Victoriano"]
[Black "Rubio Mejia, Luis Ignacio"]
[Result "1/2-1/2"]
[PlyCount "124"]
[EventDate "2009.11.22"]
[EventType "team"]
[EventRounds "14"]
[EventCountry "ESP"]
[Source "lmi"]
[SourceDate "2009.11.22"]
[WhiteElo "2421"]
[BlackElo "2350"]

1. d4 Nf6 2. c4 e6 3. Nf3 b6 4. g3 Bb7 5. Bg2 Be7 6. Nc3 Ne4 7. Bd2 f5 8. d5
Bf6 9. Qc2 Nxd2 10. Qxd2 O-O 11. Rd1 Na6 12. Nd4 Bxd4 13. Qxd4 d6 14. f4 Nc5
15. O-O exd5 16. cxd5 a5 17. e4 fxe4 18. Nxe4 Nxe4 19. Bxe4 Qf6 20. Qxf6 Rxf6
21. Bg2 Kf8 22. Rf2 Bc8 23. Rc1 Rf7 24. Rfc2 Ra7 25. Be4 g6 26. Kg2 Ke8 27. Kf3
a4 28. Bd3 Kd8 29. Bb5 Ra5 30. Bc6 Bd7 31. Bxd7 Rxd7 32. Rd1 Re7 33. h4 Rb5 34.
h5 Rb4 35. hxg6 hxg6 36. Rh2 g5 37. Rdd2 Rf7 38. Rh5 gxf4 39. g4 Re7 40. g5
Re3+ 41. Kg4 f3+ 42. Kg3 Re2 43. Rh2 Re5 44. Rh8+ Kd7 45. Rh7+ Kc8 46. Rc2
Rxg5+ 47. Kxf3 Rf5+ 48. Kg3 Rg5+ 49. Kh3 Rxd5 50. Rcxc7+ Kb8 51. Rb7+ Ka8 52.
b3 Re5 53. Ra7+ Kb8 54. Rhb7+ Kc8 55. Rf7 Kb8 56. Rad7 Re8 57. Rf3 axb3 58.
axb3 Rd4 59. Kg3 Kc8 60. Ra7 Kb8 61. Rg7 Rde4 62. Rd7 Re3 1/2-1/2

[Event "Liga Madrid 2009-2010 Division de Honor"]
[Site "Madrid ESP"]
[Date "2010.03.14"]
[Round "14.13"]
[White "Rabadan Velasco, Raul"]
[Black "Elguezabal Varela, Daniel"]
[Result "1-0"]
[PlyCount "103"]
[EventDate "2009.11.22"]
[EventType "team"]
[EventRounds "14"]
[EventCountry "ESP"]
[Source "lmi"]
[SourceDate "2009.11.22"]
[WhiteElo "2334"]
[BlackElo "2377"]

1. e4 d6 2. d4 Nf6 3. Nc3 e5 4. Nge2 c6 5. a4 a5 6. h3 Be7 7. g4 Nbd7 8. Bg2
Nb6 9. O-O h5 10. g5 Nfd7 11. h4 exd4 12. Qxd4 O-O 13. Nf4 g6 14. b3 Ne5 15.
Nd3 Nbd7 16. Ba3 Qc7 17. f4 Ng4 18. Nf2 Nc5 19. Nxg4 Bxg4 20. f5 Qb6 21. Kh1
Nd7 22. Qxb6 Nxb6 23. f6 Bd8 24. Bxd6 Re8 25. Nd1 Nd7 26. Nf2 Be6 27. Nd3 Bb6
28. Rad1 Bg4 29. Rde1 Bd4 30. Bf3 Bh3 31. Bg2 Bg4 32. e5 Bf5 33. Rxf5 gxf5 34.
Bh3 Red8 35. Bxf5 Nf8 36. Re4 Bc3 37. Nf4 Bb4 38. Bxb4 axb4 39. Nd3 c5 40. Nxc5
Rd1+ 41. Kg2 Rd2+ 42. Kf3 Rxc2 43. Nxb7 Rc3+ 44. Ke2 Rxb3 45. Nd6 Rb8 46. e6
fxe6 47. Bxe6+ Nxe6 48. Rxe6 Rf8 49. Re7 Rg3 50. Rg7+ Kh8 51. Nf7+ Rxf7 52.
Rxf7 1-0

[Event "Liga Madrid 2009-2010 Division de Honor"]
[Site "Madrid ESP"]
[Date "2010.03.14"]
[Round "14.14"]
[White "Rojo Huerta, Gabriel"]
[Black "Anton Guijarro, David"]
[Result "1/2-1/2"]
[PlyCount "78"]
[EventDate "2009.11.22"]
[EventType "team"]
[EventRounds "14"]
[EventCountry "ESP"]
[Source "lmi"]
[SourceDate "2009.11.22"]
[WhiteElo "2374"]
[BlackElo "2300"]

1. d4 Nf6 2. c4 e6 3. Nf3 d5 4. Nc3 c6 5. e3 Nbd7 6. Bd3 dxc4 7. Bxc4 b5 8. Be2
b4 9. Na4 Bb7 10. O-O Rc8 11. a3 bxa3 12. b3 Nd5 13. Bxa3 Bxa3 14. Rxa3 c5 15.
dxc5 O-O 16. Qd2 Nxc5 17. Nxc5 Rxc5 18. b4 Rc7 19. Rxa7 Qb8 20. Ra3 Rd8 21. Rd1
Rcd7 22. Qb2 Nf4 23. Rxd7 Nxe2+ 24. Qxe2 Rxd7 25. b5 g6 26. Rb3 Bd5 27. Rb2 Bc4
28. Qe1 Bxb5 29. Nd4 Rb7 30. Qa5 Bc4 31. Rxb7 Qxb7 32. h4 h5 33. Qe5 Bd5 34. f3
Qb1+ 35. Kh2 Qe1 36. Qf4 e5 37. Qxe5 Qxh4+ 38. Kg1 Qe1+ 39. Kh2 Qh4+ 1/2-1/2

[Event "Liga Madrid 2009-2010 Division de Honor"]
[Site "Madrid ESP"]
[Date "2010.03.14"]
[Round "14.15"]
[White "Perez De Aranda Alonso, Leonardo"]
[Black "Navarro Nicolas, Victor Manuel"]
[Result "0-1"]
[PlyCount "114"]
[EventDate "2009.11.22"]
[EventType "team"]
[EventRounds "14"]
[EventCountry "ESP"]
[Source "lmi"]
[SourceDate "2009.11.22"]
[WhiteElo "2216"]
[BlackElo "2228"]

1. e4 e6 2. d4 d5 3. Nd2 Nf6 4. e5 Nfd7 5. Bd3 c5 6. c3 Nc6 7. Ne2 cxd4 8. cxd4
f6 9. exf6 Nxf6 10. O-O Bd6 11. Nf3 Qc7 12. Bg5 O-O 13. Bh4 Nh5 14. Bg3 Nxg3
15. hxg3 g6 16. Rc1 Qg7 17. Qd2 Bd7 18. Bb1 Rae8 19. a3 Re7 20. Ba2 Be8 21. Nc3
h6 22. Rce1 g5 23. Rxe6 Rxe6 24. Bxd5 Nd8 25. Ne4 Be7 26. Bxe6+ Nxe6 27. Rc1
Bg6 28. Qe3 Rd8 29. Qb3 Qf7 30. Qxb7 Bf8 31. Qxf7+ Bxf7 32. d5 Ng7 33. Nf6+ Kh8
34. Ne5 Be8 35. d6 Bxd6 36. Nxe8 Bxe5 37. Nxg7 Kxg7 38. b4 Rd2 39. f4 gxf4 40.
gxf4 Bxf4 41. Rc6 Ra2 42. Ra6 Be3+ 43. Kh2 Bb6 44. a4 Rb2 45. b5 Ra2 46. Kg3
Kf6 47. Kf4 h5 48. g3 Ra3 49. Ke4 Kg5 50. a5 Rxa5 51. Rxa5 Bxa5 52. Kf3 Bb6 53.
Kg2 Kg4 54. Kh2 Bc7 55. Kg2 Bxg3 56. Kg1 Kf3 57. Kh1 Ke4 0-1

[Event "Liga Madrid 2009-2010 Division de Honor"]
[Site "Madrid ESP"]
[Date "2010.03.14"]
[Round "14.16"]
[White "Gemy Vargas, Daniel"]
[Black "Vazquez Torres, Adrian"]
[Result "1/2-1/2"]
[PlyCount "61"]
[EventDate "2009.11.22"]
[EventType "team"]
[EventRounds "14"]
[EventCountry "ESP"]
[Source "lmi"]
[SourceDate "2009.11.22"]
[WhiteElo "2169"]
[BlackElo "2144"]

1. d4 d5 2. c4 dxc4 3. Nc3 Nf6 4. Qa4+ c6 5. Qxc4 Bf5 6. Nf3 Nbd7 7. g3 Nb6 8.
Qb3 e6 9. Bg2 Be7 10. O-O O-O 11. a4 a5 12. Nh4 Bg4 13. h3 Bh5 14. g4 Bg6 15.
Nxg6 hxg6 16. e4 Qxd4 17. Be3 Qb4 18. Qxb4 axb4 19. Bxb6 bxc3 20. bxc3 Nd7 21.
Be3 Nc5 22. Rfb1 Nxa4 23. Rxb7 Bf6 24. Rc7 Nxc3 25. Rxa8 Rxa8 26. Rxc6 Ra1+ 27.
Kh2 Nd1 28. Bf4 Nxf2 29. Rc8+ Kh7 30. Rc7 Nd3 31. Bg3 1/2-1/2

[Event "Liga Madrid 2009-2010 Division de Honor"]
[Site "Madrid ESP"]
[Date "2010.03.14"]
[Round "14.21"]
[White "Arribas Lopez, Angel"]
[Black "Serrano Salvador, Eduardo"]
[Result "1-0"]
[PlyCount "121"]
[EventDate "2009.11.22"]
[EventType "team"]
[EventRounds "14"]
[EventCountry "ESP"]
[Source "lmi"]
[SourceDate "2009.11.22"]
[WhiteElo "2481"]
[BlackElo "2319"]

1. e4 e5 2. Nf3 Nf6 3. d4 Nxe4 4. Bd3 d5 5. Nxe5 Nd7 6. Nc3 Nxe5 7. dxe5 Nxc3
8. bxc3 Be6 9. Rb1 Bc5 10. O-O f5 11. exf6 Qxf6 12. Qh5+ g6 13. Qh6 O-O-O 14.
Bg5 Qf8 15. Qh4 Rd7 16. Bh6 Qd8 17. Qa4 Rf7 18. Rxb7 Kxb7 19. Ba6+ Kb8 20. Qc6
Bc8 21. Bxc8 Qxc8 22. Qxc5 Qb7 23. Rd1 Qb6 24. Qxb6+ axb6 25. Rxd5 Kb7 26. a3
Kc6 27. Rd3 Rd7 28. Kf1 Re8 29. Be3 Rxd3 30. cxd3 Kb5 31. Ke2 Ka4 32. d4 Kxa3
33. Kd3 Kb3 34. c4 c6 35. d5 c5 36. g4 h5 37. h3 hxg4 38. hxg4 Re7 39. Bf4 Rd7
40. Be5 g5 41. Bf6 b5 42. cxb5 Rxd5+ 43. Ke4 Kc4 44. f3 Rd6 45. Bxg5 Re6+ 46.
Kf5 Kd5 47. Bf6 c4 48. g5 c3 49. g6 c2 50. Bb2 Re5+ 51. Kf6 Re6+ 52. Kg5 Re5+
53. Kf6 Re6+ 54. Kf5 Re5+ 55. Kf6 Re6+ 56. Kf7 Re3 57. f4 Rf3 58. Bc1 Rf1 59.
g7 Rxc1 60. g8=Q Rd1 61. Qg2+ 1-0